[Event "Amateur´s Spirit"]
[Site "SchemingMind.com"]
[Date "2025.02.11"]
[Round "-"]
[White "Archon"]
[Black "Alencar"]
[Result "1-0"]
[WhiteCountry "CAN"]
[BlackCountry "BRA"]
[WhiteElo "1727"]
[WhiteRD "72"]
[BlackElo "1322"]
[BlackRD "72"]
[GameID "751602"]

1. d4 d5 2. e3 Nc6 3. c3 e5 4. dxe5 Nxe5 5. Nf3 Nxf3+ 6. gxf3 Nf6 7. Rg1 g6 8. Bd3 Bf5 9. Bxf5 gxf5 10. Qd4 Qd6
11. Rg2 Rg8 12. Rg3 O-O-O 13. Nd2 b6 14. Nf1 c5 15. Qd3 Rxg3 16. hxg3 Qe5 17. Bd2 d4 18. cxd4 cxd4 19. Qa6+ Kb8 20. Rc1 Bc5
21. b4 dxe3 22. fxe3 Be7 23. e4 Bd6 24. Qc4 Rc8 25. Qxc8#
1-0

[Event "Amateur´s Spirit"]
[Site "SchemingMind.com"]
[Date "2025.02.11"]
[Round "-"]
[White "Alencar"]
[Black "Archon"]
[Result "0-1"]
[WhiteCountry "BRA"]
[BlackCountry "CAN"]
[WhiteElo "1322"]
[WhiteRD "72"]
[BlackElo "1727"]
[BlackRD "72"]
[GameID "751603"]

1. d4 d6 2. d5 Nf6 3. Nc3 g6 4. e4 Bg7 5. h3 c6 6. dxc6 bxc6 7. Nf3 Nbd7 8. Be3 Qa5 9. Bd2 Qc7 10. Bd3 O-O
11. Qe2 c5 12. Nd5 Nxd5 13. exd5 Bxb2 14. Rb1 Bg7 15. c4 Ba6 16. Ng5 Nf6 17. O-O Rab8 18. Rxb8 Rxb8 19. Rb1 Rxb1+ 20. Bxb1 Nxd5
21. Ne6 fxe6 22. Qxe6+ Kh8 23. Qf7 Nf6 24. Bg5 Qd8 25. h4 Qf8 26. Qxf8+ Bxf8 27. Bxf6+ exf6 28. Bd3 Bh6 29. g3 Bd2 30. f4 Kg7
31. Kf2 Bc3 32. g4 Bc8 33. f5 Be5 34. g5 fxg5 35. hxg5 Bxf5 36. Bxf5 gxf5 37. Kf3 Kg6
0-1

[Event "Amateur´s Spirit"]
[Site "SchemingMind.com"]
[Date "2025.02.11"]
[Round "-"]
[White "Archon"]
[Black "Stephen Dunning"]
[Result "1/2-1/2"]
[WhiteCountry "CAN"]
[BlackCountry "WLS"]
[WhiteElo "1727"]
[WhiteRD "72"]
[BlackElo "2041"]
[BlackRD "76"]
[GameID "751604"]

1. d4 d5 2. e3 Nf6 3. Bd3 c5 4. c3 Nc6 5. Nd2 e5 6. dxe5 Nxe5 7. Bc2 Bd6 8. Ngf3 Bg4 9. h3 Bd7 10. O-O O-O
11. Re1 Qc7 12. Nxe5 Bxe5 13. e4 d4 14. Nf3 dxc3 15. b3 Rad8 16. Qe2 b5 17. b4 cxb4 18. Nxe5 Qxe5 19. Rb1 a5 20. a3 Qe7
21. axb4 axb4 22. Bg5 Qe5 23. Bxf6 Qxf6 24. Rxb4 Qd6 25. Reb1 Qc5 26. Bd3 Rfe8 27. Qc2 Rb8 28. Kf1 Re6 29. Rc4 bxc4 30. Rxb8+ Re8
31. Rxe8+ Bxe8 32. Qxc3 Bb5 33. f3 Qc6 34. Be2=
1/2-1/2

[Event "Amateur´s Spirit"]
[Site "SchemingMind.com"]
[Date "2025.02.11"]
[Round "-"]
[White "Stephen Dunning"]
[Black "Archon"]
[Result "1-0"]
[WhiteCountry "WLS"]
[BlackCountry "CAN"]
[WhiteElo "2041"]
[WhiteRD "76"]
[BlackElo "1727"]
[BlackRD "72"]
[GameID "751605"]

1. d4 d6 2. e4 Nf6 3. Nc3 g6 4. Be3 c6 5. h3 b5 6. e5 dxe5 7. dxe5 Qxd1+ 8. Rxd1 Nfd7 9. f4 Bb7 10. Nf3 Bg7
11. Be2 Nb6 12. O-O N8d7 13. Nd4 O-O-O 14. Bf3 Kc7 15. e6 Bxd4 16. Bxd4 Nf6 17. exf7 Nc4 18. b3 Nd6 19. Rfe1 Nc8 20. Bxa7 Nxa7
21. Rxe7+ Kc8 22. Rxd8+ Rxd8 23. Ne4 Nd7 24. Nd6+ Kc7 25. Nxb7 Kxb7 26. Rxd7+
1-0

[Event "Amateur´s Spirit"]
[Site "SchemingMind.com"]
[Date "2025.02.11"]
[Round "-"]
[White "Stephen Dunning"]
[Black "Alencar"]
[Result "*"]
[WhiteCountry "WLS"]
[BlackCountry "BRA"]
[WhiteElo "2041"]
[WhiteRD "76"]
[BlackElo "1322"]
[BlackRD "72"]
[GameID "751606"]

1. e4 d5 2. exd5 Qxd5 3. Nc3 Qd8 4. d4 Nf6 5. Nf3 Nc6 6. Bb5 Bd7 7. O-O a6 8. Bxc6 Bxc6 9. Ne5 Nd7 10. Nxc6 bxc6
11. Qf3 c5 12. dxc5 Nxc5 13. Qc6+ Nd7 14. Rd1 e6 15. Rxd7 Qxd7 16. Qxa8+ Qd8 17. Qxa6 Bb4 18. Qb5+ Qd7 19. Qxb4 Qd6 20. Qb8+ Qd8
21. Qxd8+ Kxd8 22. Bf4 f6 23. Rd1+ Kc8 24. Nb5 e5 25. Be3 Rd8 26. Rxd8+ Kxd8 27. a4 Kc8 28. a5
*

[Event "Amateur´s Spirit"]
[Site "SchemingMind.com"]
[Date "2025.02.11"]
[Round "-"]
[White "Alencar"]
[Black "Stephen Dunning"]
[Result "*"]
[WhiteCountry "BRA"]
[BlackCountry "WLS"]
[WhiteElo "1322"]
[WhiteRD "72"]
[BlackElo "2041"]
[BlackRD "76"]
[GameID "751607"]

1. d4 Nf6 2. d5 e6 3. dxe6 fxe6 4. Nc3 Bb4 5. Bd2 O-O 6. a3 Bxc3 7. Bxc3 Ne4 8. f3 Qh4+ 9. g3 Nxg3 10. hxg3 Qxh1
11. Bd4 Qh5 12. e4 e5 13. Bc4+ Kh8 14. Be3 Qg6 15. g4 d6 16. b4 Be6 17. Bxe6 Qxe6 18. Qd5 Qxd5 19. exd5 Nd7 20. c4 b6
21. O-O-O a5 22. b5 Nc5 23. Bxc5 bxc5 24. a4 Rf4 25. Kb2 Rxc4 26. Ka3 Rf8 27. Rb1 Rb4 28. Rxb4 cxb4+
*

[Event "Amateur´s Spirit"]
[Site "SchemingMind.com"]
[Date "2025.02.12"]
[Round "-"]
[White "Archon"]
[Black "Chessibelle"]
[Result "1-0"]
[WhiteCountry "CAN"]
[BlackCountry "ENG"]
[WhiteElo "1727"]
[WhiteRD "72"]
[BlackElo "977"]
[BlackRD "62"]
[GameID "751635"]

1. d4 d5 2. e3 e6 3. Bd3 Nf6 4. Nd2 g6 5. f4 Be7 6. Ngf3 O-O 7. Ne5 a6 8. O-O b5 9. g4 Bb7 10. g5 Nfd7
11. h4 f6 12. Nxg6 Rf7 13. Nxe7+ Qxe7 14. g6 Rg7 15. Kf2 h6 16. f5 Nc6 17. Qh5 e5 18. Qxh6 Nb6 19. Nf3 e4 20. Ng5 fxg5
21. hxg5 Rf8 22. f6 Rxf6+ 23. gxf6 Qxf6+ 24. Ke1 Qe7 25. Rh1 Kf8 26. Qh8+ Rg8 27. Rf1+ Ke8 28. Qxg8+ Kd7 29. Rf7 Kd6 30. Rxe7 Nxe7
31. Qh7 Kd7 32. g7
1-0

[Event "Amateur´s Spirit"]
[Site "SchemingMind.com"]
[Date "2025.02.12"]
[Round "-"]
[White "Chessibelle"]
[Black "Archon"]
[Result "0-1"]
[WhiteCountry "ENG"]
[BlackCountry "CAN"]
[WhiteElo "977"]
[WhiteRD "62"]
[BlackElo "1727"]
[BlackRD "72"]
[GameID "751636"]

1. Nf3 d6 2. d4 Nf6 3. e3 g6 4. b3 Bg7 5. g3 O-O 6. Nbd2 Bg4 7. Be2 c5 8. O-O Bxf3 9. Bxf3 Nc6 10. Nc4 Qc7
11. c3 Rac8 12. d5 Na5 13. a3 Nxc4 14. bxc4 Qa5 15. Bb2 Nd7 16. Bg4 Rc7 17. f4 Bxc3 18. Qc2 Bxb2 19. Qxb2 Nf6 20. Bh3 Rb8
21. Rf2 b6 22. Bg2 Rcb7 23. Bf1 Ng4 24. Rd2 b5 25. Qc2 Nxe3 26. Qd3 Nxc4 27. Re2 Qd8 28. h4 Nb6 29. Re4 Nd7 30. g4 Nf6
31. Rae1 Nxe4 32. Qxe4 a6 33. Bd3 c4 34. Bc2 a5 35. h5 Qf8 36. f5 Qg7 37. Qf4 g5 38. Re2 gxf4
0-1

[Event "Amateur´s Spirit"]
[Site "SchemingMind.com"]
[Date "2025.02.12"]
[Round "-"]
[White "Chessibelle"]
[Black "Stephen Dunning"]
[Result "0-1"]
[WhiteCountry "ENG"]
[BlackCountry "WLS"]
[WhiteElo "977"]
[WhiteRD "62"]
[BlackElo "2041"]
[BlackRD "76"]
[GameID "751637"]

1. Nf3 d5 2. d4 Nf6 3. h3 Bf5 4. a3 e6 5. Bd2 c5 6. e3 Nc6 7. c3 Bd6 8. Be2 O-O 9. b4 cxd4 10. exd4 Rc8
11. Nh4 Be4 12. f3 Bg3+ 13. Kf1 Bxh4 14. fxe4 Nxe4 15. Bf4 Qf6 16. Qc1 Ng3+ 17. Kg1 Nxe2+
0-1

[Event "Amateur´s Spirit"]
[Site "SchemingMind.com"]
[Date "2025.02.12"]
[Round "-"]
[White "Stephen Dunning"]
[Black "Chessibelle"]
[Result "1-0"]
[WhiteCountry "WLS"]
[BlackCountry "ENG"]
[WhiteElo "2041"]
[WhiteRD "76"]
[BlackElo "977"]
[BlackRD "62"]
[GameID "751638"]

1. e4 e5 2. Nf3 Nc6 3. Bc4 h6 4. d4 Be7 5. dxe5 d6 6. exd6 cxd6 7. O-O a6 8. Nc3 Nf6 9. h3 Nh7 10. Bf4 Nf6
11. Re1 O-O 12. Qe2 Nh7 13. Rad1 Re8 14. e5 Bd7 15. e6 Kh8 16. exd7 Rf8 17. Bxd6 Qxd7 18. Bxe7 Qc7 19. Bxf8 Nxf8 20. Ne5 Re8
21. Nxf7+ Kh7 22. Qxe8 Kg8 23. Ng5+
1-0

[Event "Amateur´s Spirit"]
[Site "SchemingMind.com"]
[Date "2025.02.12"]
[Round "-"]
[White "Chessibelle"]
[Black "Alencar"]
[Result "*"]
[WhiteCountry "ENG"]
[BlackCountry "BRA"]
[WhiteElo "977"]
[WhiteRD "62"]
[BlackElo "1322"]
[BlackRD "72"]
[GameID "751639"]

1. Nf3 d5 2. d4 Nf6 3. h3 Ne4 4. b3 Nc6 5. e3 e6 6. g4 Bd6 7. Na3 Bxa3 8. Bxa3 h6 9. Bb5 Nc3 10. Qd3 Nxb5
11. Qxb5 a6 12. Qd3 a5 13. O-O-O Nb4 14. Qf1 Nxa2+ 15. Kb2 Nb4 16. Ne5 Nc6 17. f4 Nxe5 18. fxe5 f6 19. Qd3 fxe5 20. Qg6+ Kd7
21. Qxg7+ Kc6 22. Qxe5 b5 23. b4 a4 24. Qh2 Qd6 25. Qf2 e5 26. Rhf1 Be6 27. Qe1 exd4 28. exd4 Rhf8 29. Qc3+ Kd7 30. Qd3 Rxf1
31. Rxf1
*

[Event "Amateur´s Spirit"]
[Site "SchemingMind.com"]
[Date "2025.02.12"]
[Round "-"]
[White "Alencar"]
[Black "Chessibelle"]
[Result "*"]
[WhiteCountry "BRA"]
[BlackCountry "ENG"]
[WhiteElo "1322"]
[WhiteRD "72"]
[BlackElo "977"]
[BlackRD "62"]
[GameID "751640"]

1. d4 d5 2. Nf3 e6 3. Ne5 g6 4. e3 f5 5. f4 c6 6. Bd3 b5 7. b3 Ne7 8. Nc3 Bg7 9. b4 O-O 10. Qf3 Nd7
11. Nxd7 Qxd7 12. h4 h5 13. Ba3 Qd6 14. Kd2 a6 15. Rab1 Bd7 16. Rh3 Nc8 17. Ne2 Nb6 18. Nc3 Nc4+ 19. Bxc4 bxc4 20. Na4 Qc7
21. Nc5 Bc8 22. c3 a5 23. Ra1 Qb6 24. bxa5 Qxa5 25. Bb4 Qb6 26. a4 Bf6 27. a5 Qc7 28. Nxe6 Bxe6 29. Bxf8 Kxf8 30. a6 Qb6
*

[Event "Amateur´s Spirit"]
[Site "SchemingMind.com"]
[Date "2025.02.13"]
[Round "-"]
[White "Archon"]
[Black "Robert Hatfield"]
[Result "1-0"]
[WhiteCountry "CAN"]
[BlackCountry "USA"]
[WhiteElo "1727"]
[WhiteRD "72"]
[BlackElo "1707"]
[BlackRD "58"]
[GameID "751667"]

1. d4 Nf6 2. Nd2 e5 3. e3 exd4 4. exd4 d5 5. Ngf3 Bd6 6. Bd3 O-O 7. h3 h6 8. O-O c5 9. c3 Nc6 10. Re1 c4
11. Bc2 Be6 12. Ne5 Qc7 13. Ndf3 b5 14. a3 a5 15. Nxc6 Qxc6 16. Ne5 Qb7 17. Qf3 Ne4 18. Qh5 Bxe5 19. Qxe5 b4 20. Re3 bxc3
21. bxc3 Qb8 22. Qh5 Nf6 23. Qh4 a4 24. Rg3
1-0

[Event "Amateur´s Spirit"]
[Site "SchemingMind.com"]
[Date "2025.02.13"]
[Round "-"]
[White "Robert Hatfield"]
[Black "Archon"]
[Result "*"]
[WhiteCountry "USA"]
[BlackCountry "CAN"]
[WhiteElo "1707"]
[WhiteRD "58"]
[BlackElo "1727"]
[BlackRD "72"]
[GameID "751668"]

1. e4 d6 2. d4 Nf6 3. Nc3 g6 4. Bg5 Bg7 5. Qd2 c6 6. Bh6 Bxh6 7. Qxh6 Qa5 8. Bd3 Be6 9. Ne2 Nbd7 10. O-O O-O-O
11. h3 Ng8 12. Qd2 Ngf6 13. Rad1 Rhe8 14. Nf4 Qg5 15. Nxe6 Qxd2 16. Rxd2 fxe6 17. f4 Rf8 18. Rdf2 d5 19. e5 Ne8 20. g4 Ng7
21. Kg2 Kc7 22. Kg3 a6 23. h4 c5 24. dxc5 Nxc5 25. Ne2 Nxd3 26. cxd3 Rc8 27. Rc1+ Kd7 28. Rff1 Rxc1 29. Rxc1 Rc8 30. Rxc8 Kxc8
31. Nd4 Kd7 32. a3 Ne8 33. b4 Nc7 34. Kf3 Ke8 35. a4 Kf7
*

[Event "Amateur´s Spirit"]
[Site "SchemingMind.com"]
[Date "2025.02.13"]
[Round "-"]
[White "Chessibelle"]
[Black "Robert Hatfield"]
[Result "0-1"]
[WhiteCountry "ENG"]
[BlackCountry "USA"]
[WhiteElo "977"]
[WhiteRD "62"]
[BlackElo "1707"]
[BlackRD "58"]
[GameID "751669"]

1. Nf3 d5 2. d4 Nf6 3. h3 g6 4. e3 Bg7 5. c3 O-O 6. g3 Bf5 7. Nbd2 Be4 8. Bg2 Nbd7 9. b4 Bd3 10. Qb3 Be4
11. Bb2 Bxf3 12. Nxf3 c6 13. O-O-O Ne4 14. Rdf1 Nb6 15. Nh2 Nd6 16. Nf3 Nbc4 17. h4 h5 18. Ba1 b5 19. Ng5 a5 20. Qd1 axb4
21. Qf3 Rxa2 22. Rd1 Rxa1+ 23. Kc2 Rxd1 24. Qxd1 Qa8 25. Kd3 Qa3 26. g4 Qxc3+ 27. Ke2 Ra8 28. Kf3 hxg4+ 29. Kxg4 f5+ 30. Kg3 Ra2
31. Qf3 b3 32. h5 Ne4+ 33. Kf4 Rxf2 34. Rf1 Rxf3+ 35. Rxf3 b2 36. Rf1 Qxe3#
0-1

[Event "Amateur´s Spirit"]
[Site "SchemingMind.com"]
[Date "2025.02.13"]
[Round "-"]
[White "Robert Hatfield"]
[Black "Chessibelle"]
[Result "1-0"]
[WhiteCountry "USA"]
[BlackCountry "ENG"]
[WhiteElo "1707"]
[WhiteRD "58"]
[BlackElo "977"]
[BlackRD "62"]
[GameID "751670"]

1. e4 e5 2. Nf3 Nc6 3. Nc3 b6 4. a3 g6 5. Bc4 h6 6. d3 Be7 7. Be3 g5 8. Qe2 Bf6 9. Nd5 Bg7 10. O-O-O Nge7
11. g4 d6 12. Rdg1 O-O 13. h4 Be6 14. hxg5 f6 15. gxh6 Bh8 16. g5 Ng6 17. gxf6 Kf7 18. Ng5+ Kg8 19. Nxe6 Qd7 20. Nxf8 Kxf8
21. Rxg6 Ke8 22. Rg8+ Kf7 23. Rxa8 a5 24. Qh5+ Ke6 25. Qf5+
1-0

[Event "Amateur´s Spirit"]
[Site "SchemingMind.com"]
[Date "2025.02.14"]
[Round "-"]
[White "Robert Hatfield"]
[Black "Stephen Dunning"]
[Result "*"]
[WhiteCountry "USA"]
[BlackCountry "WLS"]
[WhiteElo "1707"]
[WhiteRD "58"]
[BlackElo "2041"]
[BlackRD "76"]
[GameID "751671"]

1. e4 c5 2. Nf3 d6 3. d4 cxd4 4. Nxd4 Nf6 5. Nc3 a6 6. Be2 e5 7. Nb3 Be7 8. O-O O-O 9. Be3 Be6 10. Qd2 Nbd7
11. a4 Nb6 12. a5 Nc4 13. Bxc4 Bxc4 14. Rfd1 Nd7 15. f4 exf4 16. Bxf4 Ne5 17. Qf2 Qc7 18. Qg3 f6 19. Nd4 Qc5 20. Kh1 Bf7
21. Nf5 Ng6 22. Nxe7+ Nxe7
*

[Event "Amateur´s Spirit"]
[Site "SchemingMind.com"]
[Date "2025.02.14"]
[Round "-"]
[White "Stephen Dunning"]
[Black "Robert Hatfield"]
[Result "*"]
[WhiteCountry "WLS"]
[BlackCountry "USA"]
[WhiteElo "2041"]
[WhiteRD "76"]
[BlackElo "1707"]
[BlackRD "58"]
[GameID "751672"]

1. d4 Nf6 2. c4 e6 3. Nf3 b6 4. g3 Bb4+ 5. Nbd2 Ba6 6. Qc2 Bb7 7. Bg2 Be4 8. Qd1 O-O 9. O-O Bxd2 10. Bxd2 d6
11. Bc3 Nbd7 12. Re1 Qe7 13. Ng5 Bxg2 14. Kxg2 h6 15. Nf3 Ne4 16. Qc2 Nxc3 17. Qxc3 c5 18. e3 Rad8 19. Rad1 Rfe8 20. b4 Nf6
21. bxc5 dxc5
*

[Event "Amateur´s Spirit"]
[Site "SchemingMind.com"]
[Date "2025.02.13"]
[Round "-"]
[White "Robert Hatfield"]
[Black "Alencar"]
[Result "*"]
[WhiteCountry "USA"]
[BlackCountry "BRA"]
[WhiteElo "1707"]
[WhiteRD "58"]
[BlackElo "1322"]
[BlackRD "72"]
[GameID "751673"]

1. e4 d5 2. exd5 Qxd5 3. Nf3 Qd8 4. d4 Nc6 5. Be2 Bg4 6. c3 Bxf3 7. Bxf3 e5 8. O-O Nf6 9. Bxc6+ bxc6 10. dxe5 Qxd1
11. Rxd1 Nd5 12. Bg5 Be7 13. Bxe7 Kxe7 14. Nd2 f6 15. exf6+ Kxf6 16. Ne4+ Ke6 17. Nc5+ Kd6 18. b4 a5 19. c4 axb4 20. Nb7+ Kd7
21. cxd5 cxd5 22. Nc5+ Kd6 23. Nb3 Rhe8 24. Kf1 Re4
*

[Event "Amateur´s Spirit"]
[Site "SchemingMind.com"]
[Date "2025.02.13"]
[Round "-"]
[White "Alencar"]
[Black "Robert Hatfield"]
[Result "*"]
[WhiteCountry "BRA"]
[BlackCountry "USA"]
[WhiteElo "1322"]
[WhiteRD "72"]
[BlackElo "1707"]
[BlackRD "58"]
[GameID "751674"]

1. d4 Nf6 2. d5 e6 3. dxe6 dxe6 4. Qxd8+ Kxd8 5. Nf3 Bc5 6. Be3 Bxe3 7. fxe3 Ke7 8. Ne5 b6 9. h3 Bb7 10. Nd2 c5
11. O-O-O Nc6 12. Nxc6+ Bxc6 13. e4 Nxe4 14. Nxe4 Bxe4 15. Rg1 Rhd8 16. Rxd8 Rxd8 17. e3 Bd5 18. b3 e5 19. Bc4 Bxc4 20. bxc4 f5
21. g4 f4 22. exf4 exf4 23. Re1+ Kf6 24. Kb2 g5 25. Kc3 Rd7 26. Rf1
*

[Event "Amateur´s Spirit"]
[Site "SchemingMind.com"]
[Date "2025.02.14"]
[Round "-"]
[White "Archon"]
[Black "kenneth m day"]
[Result "*"]
[WhiteCountry "CAN"]
[BlackCountry "USA"]
[WhiteElo "1727"]
[WhiteRD "72"]
[BlackElo "1694"]
[BlackRD "54"]
[GameID "751682"]

1. d4 Nf6 2. Nd2 d5 3. e3 Bf5 4. Bd3 Bxd3 5. cxd3 Nc6 6. Ngf3 e6 7. O-O Bd6 8. Re1 O-O 9. e4 dxe4 10. dxe4 Bb4
11. a3 Ba5 12. b4 Bb6 13. Nc4 Nxd4 14. Nxb6 Nxf3+ 15. Qxf3 axb6 16. Bg5 Qd4 17. Rad1 Qe5 18. Bc1 h6 19. Qe2 Rfd8 20. Bb2 Qg5
21. h3 Nh5 22. Qg4 Qxg4 23. hxg4 Nf4 24. Be5 Nd3 25. Bxc7
*

[Event "Amateur´s Spirit"]
[Site "SchemingMind.com"]
[Date "2025.02.14"]
[Round "-"]
[White "kenneth m day"]
[Black "Archon"]
[Result "*"]
[WhiteCountry "USA"]
[BlackCountry "CAN"]
[WhiteElo "1694"]
[WhiteRD "54"]
[BlackElo "1727"]
[BlackRD "72"]
[GameID "751683"]

1. e4 d6 2. d4 Nf6 3. Nc3 g6 4. Nf3 Bg7 5. Be2 O-O 6. h3 Nc6 7. Be3 e5 8. dxe5 dxe5 9. Qd2 Be6 10. O-O-O Qe7
11. Bh6 Rad8 12. Qe3 a6 13. Bg5 Rxd1+ 14. Rxd1 Rd8 15. a3 Rxd1+ 16. Bxd1 Qd6 17. Qd2 Ne8 18. Be3 Nd4 19. Ne2 Nxf3 20. Qxd6 Nxd6
21. gxf3 Bxh3 22. c3 h5
*

[Event "Amateur´s Spirit"]
[Site "SchemingMind.com"]
[Date "2025.02.14"]
[Round "-"]
[White "kenneth m day"]
[Black "Chessibelle"]
[Result "1-0"]
[WhiteCountry "USA"]
[BlackCountry "ENG"]
[WhiteElo "1694"]
[WhiteRD "54"]
[BlackElo "977"]
[BlackRD "62"]
[GameID "751684"]

1. e4 e5 2. Nf3 d6 3. d4 h6 4. Bc4 Nf6 5. Nc3 a6 6. dxe5 Nfd7 7. exd6 cxd6 8. Bf4 Nc5 9. O-O Be7 10. e5 Nbd7
11. exd6 Bf6 12. Re1+ Kf8 13. Nd5 Bxb2 14. Rb1 Ba3 15. Nc7 Nf6 16. Nxa8 Ncd7 17. Nc7 g6 18. Ne5 Nh5 19. Nxf7 Qf6 20. Re8+ Kg7
21. Rxh8 Nf8 22. Bxh6#
1-0

[Event "Amateur´s Spirit"]
[Site "SchemingMind.com"]
[Date "2025.02.14"]
[Round "-"]
[White "Chessibelle"]
[Black "kenneth m day"]
[Result "0-1"]
[WhiteCountry "ENG"]
[BlackCountry "USA"]
[WhiteElo "977"]
[WhiteRD "62"]
[BlackElo "1694"]
[BlackRD "54"]
[GameID "751685"]

1. Nf3 d5 2. d4 Nf6 3. h3 c5 4. e3 Nc6 5. Bb5 Bd7 6. a3 e6 7. c3 Bd6 8. b4 cxb4 9. O-O bxc3 10. Nxc3 O-O
11. Bd3 Rc8 12. Bc2 a6 13. Re1 Ne7 14. Qd3 Ng6 15. Ne2 Ne4 16. Nh2 Qc7 17. Ra2 Bxh2+ 18. Kf1 Bb5 19. Qb3 Bc4 20. Qb2 Bxa2
21. Qxa2 Qxc2 22. Qb2 Qxb2 23. Bxb2 Nd2#
0-1

[Event "Amateur´s Spirit"]
[Site "SchemingMind.com"]
[Date "2025.02.14"]
[Round "-"]
[White "kenneth m day"]
[Black "Robert Hatfield"]
[Result "*"]
[WhiteCountry "USA"]
[BlackCountry "USA"]
[WhiteElo "1694"]
[WhiteRD "54"]
[BlackElo "1707"]
[BlackRD "58"]
[GameID "751686"]

1. e4 e6 2. d4 d5 3. Nc3 Bb4 4. e5 c5 5. a3 cxd4 6. axb4 dxc3 7. Nf3 cxb2 8. Bxb2 Ne7 9. Bd3 b6 10. O-O Bb7
11. Re1 Nbc6 12. c3 h6 13. Nd4 O-O 14. f4 Nxd4 15. cxd4 Nc6 16. Be2 Nxb4 17. Ba3 a5 18. Qb3 Qc7 19. Bxb4 axb4
*

[Event "Amateur´s Spirit"]
[Site "SchemingMind.com"]
[Date "2025.02.14"]
[Round "-"]
[White "Robert Hatfield"]
[Black "kenneth m day"]
[Result "*"]
[WhiteCountry "USA"]
[BlackCountry "USA"]
[WhiteElo "1707"]
[WhiteRD "58"]
[BlackElo "1694"]
[BlackRD "54"]
[GameID "751687"]

1. e4 e5 2. d4 exd4 3. c3 d5 4. exd5 Qxd5 5. Nf3 Nc6 6. cxd4 Bg4 7. Be2 Bb4+ 8. Nc3 Bxf3 9. Bxf3 Qc4 10. Bxc6+ Qxc6
11. O-O Ne7 12. Qb3 Bd6 13. Bg5 O-O 14. Bxe7 Bxe7 15. Rae1 Rfe8 16. d5 Qb6 17. Qxb6 axb6 18. a3 Bf6 19. Rc1 Rad8 20. Rfd1 Bxc3
21. Rxc3 Rxd5 22. Rdc1
*

[Event "Amateur´s Spirit"]
[Site "SchemingMind.com"]
[Date "2025.02.14"]
[Round "-"]
[White "kenneth m day"]
[Black "Stephen Dunning"]
[Result "*"]
[WhiteCountry "USA"]
[BlackCountry "WLS"]
[WhiteElo "1694"]
[WhiteRD "54"]
[BlackElo "2041"]
[BlackRD "76"]
[GameID "751688"]

1. e4 c5 2. d4 cxd4 3. c3 dxc3 4. Nxc3 e6 5. Nf3 Nc6 6. Bc4 a6 7. O-O Nge7 8. Bg5 h6 9. Bf4 Ng6 10. Bg3 Bc5
11. Rc1 O-O 12. Qe2 b5 13. Bb3 Bb7 14. Rfd1 Qe7 15. a3 Rad8
*

[Event "Amateur´s Spirit"]
[Site "SchemingMind.com"]
[Date "2025.02.14"]
[Round "-"]
[White "Stephen Dunning"]
[Black "kenneth m day"]
[Result "*"]
[WhiteCountry "WLS"]
[BlackCountry "USA"]
[WhiteElo "2041"]
[WhiteRD "76"]
[BlackElo "1694"]
[BlackRD "54"]
[GameID "751689"]

1. d4 Nf6 2. Bf4 d6 3. Nc3 g6 4. e4 Bg7 5. Qd2 O-O 6. O-O-O Nbd7 7. Nf3 Re8 8. Bc4 c6 9. Ng5 d5 10. exd5 cxd5
11. Nxd5 Nxd5 12. Bxd5 e6 13. Bb3 h6 14. Nf3 b6 15. Bxh6 Bb7 16. Bxg7 Kxg7 17. Qf4 Qf6
*

[Event "Amateur´s Spirit"]
[Site "SchemingMind.com"]
[Date "2025.02.14"]
[Round "-"]
[White "kenneth m day"]
[Black "Alencar"]
[Result "1-0"]
[WhiteCountry "USA"]
[BlackCountry "BRA"]
[WhiteElo "1694"]
[WhiteRD "54"]
[BlackElo "1322"]
[BlackRD "72"]
[GameID "751690"]

1. e4 d5 2. exd5 Qxd5 3. Nc3 Qd8 4. d4 Nc6 5. d5 Nb8 6. Nf3 e6 7. Bb5+ Bd7 8. dxe6 fxe6 9. O-O Bxb5 10. Qxd8+ Kxd8
11. Nxb5 Nh6 12. Bf4 Na6 13. Rad1+ Bd6 14. Nxd6 cxd6 15. Rxd6+ Ke7 16. Re1 Rad8 17. Rdxe6+ Kf7 18. Re7+ Kf6 19. h3 Nf5 20. R1e6#
1-0

[Event "Amateur´s Spirit"]
[Site "SchemingMind.com"]
[Date "2025.02.14"]
[Round "-"]
[White "Alencar"]
[Black "kenneth m day"]
[Result "*"]
[WhiteCountry "BRA"]
[BlackCountry "USA"]
[WhiteElo "1322"]
[WhiteRD "72"]
[BlackElo "1694"]
[BlackRD "54"]
[GameID "751691"]

1. d4 Nf6 2. d5 d6 3. Nc3 g6 4. e4 Bg7 5. f3 O-O 6. Nb5 c6 7. dxc6 Nxc6 8. c3 Bd7 9. Nd4 Qb6 10. Nxc6 Bxc6
11. Qb3 Qxb3 12. axb3 Rac8 13. Ne2 Nd7 14. Nd4 a6 15. Nxc6 Rxc6 16. Be3 e6 17. b4 Ne5 18. Rd1 Rd8 19. Bd4 f6 20. Bxe5
*

[Event "Amateur´s Spirit"]
[Site "SchemingMind.com"]
[Date "2025.02.15"]
[Round "-"]
[White "Archon"]
[Black "Henk Miedema"]
[Result "*"]
[WhiteCountry "CAN"]
[BlackCountry "NED"]
[WhiteElo "1727"]
[WhiteRD "72"]
[BlackElo "761"]
[BlackRD "90"]
[GameID "751698"]

1. d4 d5 2. Nd2 c6 3. e3 Bf5 4. Bd3 Qd7 5. Ngf3 Bg4 6. h3 Be6 7. Ne5 Qd6 8. O-O Qc7 9. e4 Nd7 10. Ndf3 a6
11. Nxd7 Qxd7 12. Ne5 Qd8 13. Qf3 f6 14. Qh5+ g6 15. Nxg6 Kd7 16. Nxh8 Kc7 17. Qxh7 Bh6 18. Bxh6 Qd7 19. Bf4+ Kb6 20. Ng6 dxe4
21. Bxe4 Bc4 22. Bd3
*

[Event "Amateur´s Spirit"]
[Site "SchemingMind.com"]
[Date "2025.02.15"]
[Round "-"]
[White "Henk Miedema"]
[Black "Archon"]
[Result "*"]
[WhiteCountry "NED"]
[BlackCountry "CAN"]
[WhiteElo "761"]
[WhiteRD "90"]
[BlackElo "1727"]
[BlackRD "72"]
[GameID "751699"]

1. Nc3 d6 2. d4 Nf6 3. e3 g6 4. Nf3 Bg7 5. Bc4 O-O 6. Ng5 Nc6 7. Qf3 Bg4 8. Qd1 Bxd1 9. Nxd1 a6 10. Nxf7 Rxf7
11. Bxf7+ Kxf7 12. O-O e5 13. Nc3 exd4 14. Ne2 dxe3 15. Bxe3 Qe7 16. c3 Re8 17. b4 Ng4 18. a4 Nxe3 19. Rfc1 Nc4 20. b5 Qxe2
*

[Event "Amateur´s Spirit"]
[Site "SchemingMind.com"]
[Date "2025.02.14"]
[Round "-"]
[White "kenneth m day"]
[Black "Henk Miedema"]
[Result "1-0"]
[WhiteCountry "USA"]
[BlackCountry "NED"]
[WhiteElo "1694"]
[WhiteRD "54"]
[BlackElo "761"]
[BlackRD "90"]
[GameID "751700"]

1. e4 e5 2. Nf3 d6 3. d4 Bg4 4. Be2 Qd7 5. O-O f5 6. exf5 Qxf5 7. Nc3 e4 8. Nh4 Qg5 9. Bxg5 Be6 10. Bg4 Bc4
11. Re1 d5 12. Be6 Nc6 13. Bxd5 h6 14. Rxe4+ Kd7 15. Qg4+ Kd6 16. Qe6#
1-0

[Event "Amateur´s Spirit"]
[Site "SchemingMind.com"]
[Date "2025.02.14"]
[Round "-"]
[White "Henk Miedema"]
[Black "kenneth m day"]
[Result "*"]
[WhiteCountry "NED"]
[BlackCountry "USA"]
[WhiteElo "761"]
[WhiteRD "90"]
[BlackElo "1694"]
[BlackRD "54"]
[GameID "751701"]

1. Nc3 Nf6 2. d3 d5 3. Nf3 Nc6 4. e3 e5 5. d4 Bb4 6. a3 Bxc3+ 7. bxc3 O-O 8. dxe5 Ne4 9. c4 Bg4 10. Qe2 Nxe5
11. Bb2 Nxc4 12. Bxg7 Kxg7 13. Qd1 c5 14. Qd3 Qa5+ 15. Ke2 Rad8 16. h3 Bf5 17. g4 Nc3+ 18. Qxc3+ Qxc3 19. Bg2
*